=LDR 00000nam 2200000 4500 =001 INLIS000000000022603 =005 20130612121338 =008 ***********************************Ind** =035 ##$$0010-061300000022603 =041 ##$$a Ind =082 ##$$a 371.3 =090 ##$$a 371.3, Nas b =100 ##$$a M.ANasution =245 ##$$a Belajar dan mengajar; Nasution M.A =260 ##$$a 1984 $b Jakarta =300 ##$$a 223 hlm, ilus, 21 cm =650 ##$$a Pembelajaran =850 ##$$a NBPNMAT =990 ##$$a 93502/BPAP-NTB/2014 =990 ##$$a 93504/BPAP-NTB/2014 =990 ##$$a 93505/BPAP-NTB/2014 =990 ##$$a 0001/BPAP-NTB/2015